000 01764cam a22004934i 4500
003 PE-LiUPU
005 20250731173143.0
008 150623s2000 miu rb 000 0 spa d
020 _a1558831185
020 _a9781558831186
035 _a(Sirsi) i9781558831186
040 _aPE-LiUPU
_bspa
_cPE-LiUPU
_erda
041 1 _aspa
_heng
049 _aPRUA
082 0 4 _a251.002
_bS82
_221
100 1 _aStott, John R. W.,
_eautor.
245 1 3 _aLa predicación :
_bpuente entre dos mundos /
_cJohn R. W. Stott.
264 1 _aMichigan :
_bLibros Desafío,
_c2000.
300 _a341 páginas ;
_c23 centímetros
336 _atext
_2rdacontent
337 _aunmediated
_2rdamedia
338 _avolume
_2rdacarrier
504 _aBibliografía : páginas 329-341.
505 0 _aLa gloria de la predicación -- Objeciones contemporáneas a la predicación -- Fundamentos teológicos para la predicación -- La predicación como puente de comunicación -- El llamado al estudio -- La preparación de sermones -- Sinceridad y seriedad -- Valor y humildad.
526 _aSEG42
526 _aSEG41
526 _aSEG40
526 _aSEG39
526 _aP94
526 _aP87
526 _aP86
526 _aP85
526 _aP77
526 _aP76
526 _aP35
534 _pTítulo original :
_tI believe in preaching.
650 0 4 _aHomilética
_vManuales.
910 _adbm
_bjpc
_cjpc
_d201890517
942 _2ddc
_cBOOK
994 _aC0
_bPEPRU
596 _a1
999 _a251 S82
_wDEWEY
_c34828
_i52978
_d34828
_e2022-7-6
_f2021-11-10
_g9
_lCCODEBUL1
_mBUL
_n6
_p12.00
_q6
_r0
_sY
_tBOOK
_u2015-6-24
_xTEOLOGIA
_PP35
_0COMPRA
_o.STAFF. Colección Teología
980 _81
_gALBERTO SANCHEZ Responsable de Automatización